<?xml version="1.0" encoding="UTF-8"?>
<record
    xmlns:xsi="http://www.w3.org/2001/XMLSchema-instance"
    xsi:schemaLocation="http://www.loc.gov/MARC21/slim http://www.loc.gov/standards/marcxml/schema/MARC21slim.xsd"
    xmlns="http://www.loc.gov/MARC21/slim">

  <leader>03533nac a2200529 a 4500</leader>
  <controlfield tag="003">CHAP</controlfield>
  <controlfield tag="005">20241014143821.0</controlfield>
  <controlfield tag="006">k||||fr|||| s0| vl</controlfield>
  <controlfield tag="007">ta</controlfield>
  <controlfield tag="008">230323s2013    ck ao||fr|||| 001 0 spa d</controlfield>
  <datafield tag="020" ind1=" " ind2=" ">
    <subfield code="a">978-958-8595-15-3 (serie)</subfield>
  </datafield>
  <datafield tag="020" ind1=" " ind2=" ">
    <subfield code="a">978-958-8595-09-2 (v.1)</subfield>
  </datafield>
  <datafield tag="020" ind1=" " ind2=" ">
    <subfield code="a">978-958-8595-10-8 (v.2)</subfield>
  </datafield>
  <datafield tag="020" ind1=" " ind2=" ">
    <subfield code="a">978-958-8595-14-6 (v.3)</subfield>
  </datafield>
  <datafield tag="020" ind1=" " ind2=" ">
    <subfield code="a">978-958-8595-12-2 (v.5)</subfield>
  </datafield>
  <datafield tag="040" ind1=" " ind2=" ">
    <subfield code="a">mxchpua</subfield>
    <subfield code="c">CHAP</subfield>
    <subfield code="e">rda</subfield>
  </datafield>
  <datafield tag="041" ind1="0" ind2=" ">
    <subfield code="b">Espa&#xF1;ol</subfield>
  </datafield>
  <datafield tag="050" ind1="1" ind2="0">
    <subfield code="a">TP370</subfield>
    <subfield code="b">.C65 2013</subfield>
  </datafield>
  <datafield tag="082" ind1="0" ind2="0">
    <subfield code="a">664</subfield>
    <subfield code="b">C65 2013</subfield>
    <subfield code="2">20</subfield>
  </datafield>
  <datafield tag="110" ind1="2" ind2=" ">
    <subfield code="9">128381</subfield>
    <subfield code="a">Fundaci&#xF3;n Hogares Juveniles Campesinos</subfield>
  </datafield>
  <datafield tag="245" ind1="1" ind2="0">
    <subfield code="a">Colecci&#xF3;n 50 a&#xF1;os de los Hogares Juveniles Campesinos /</subfield>
    <subfield code="c">Fundaci&#xF3;n Hogares Juveniles Campesinos</subfield>
  </datafield>
  <datafield tag="250" ind1=" " ind2=" ">
    <subfield code="a">1a edici&#xF3;n</subfield>
  </datafield>
  <datafield tag="264" ind1=" " ind2=" ">
    <subfield code="a">Medell&#xED;n, Colombia :</subfield>
    <subfield code="b">Fundaci&#xF3;n Hogares Juveniles Campesinos; Grania,</subfield>
    <subfield code="c">2013</subfield>
  </datafield>
  <datafield tag="300" ind1=" " ind2=" ">
    <subfield code="a">6 v. :</subfield>
    <subfield code="b">ilustraciones, diagramas, tablas, fotos, discos</subfield>
  </datafield>
  <datafield tag="336" ind1=" " ind2=" ">
    <subfield code="2">rdacontent</subfield>
    <subfield code="a">texto</subfield>
    <subfield code="b">txt</subfield>
  </datafield>
  <datafield tag="337" ind1=" " ind2=" ">
    <subfield code="2">rdamedia</subfield>
    <subfield code="a">sin medio</subfield>
    <subfield code="b">n</subfield>
  </datafield>
  <datafield tag="338" ind1=" " ind2=" ">
    <subfield code="2">rdacarrier</subfield>
    <subfield code="a">volumen</subfield>
    <subfield code="b">nc</subfield>
  </datafield>
  <datafield tag="490" ind1="1" ind2=" ">
    <subfield code="a">Colecci&#xF3;n 50 a&#xF1;os de los Hogares Juveniles Campesinos</subfield>
  </datafield>
  <datafield tag="500" ind1=" " ind2=" ">
    <subfield code="a">Los DVD contienen Manual para gu&#xED;as y v&#xED;deos</subfield>
  </datafield>
  <datafield tag="500" ind1=" " ind2=" ">
    <subfield code="a">La biblioteca de Zootecnia cuenta solo con los vol&#xFA;menes 1 y 2</subfield>
  </datafield>
  <datafield tag="520" ind1="2" ind2=" ">
    <subfield code="a">Volumen 1. -- Nuestra gu&#xED;a contiene m&#xE9;todos dom&#xE9;sticos de procesamiento de los productos derivados de la leche, especialmente en los siguientes productos: Queso campesino, quesillo, queso doble crema, queso paipa, queso coste&#xF1;o, quesito antioque&#xF1;o, mantequilla, crema batilla, yogurt, kumis, suero coste&#xF1;o, arequipe, panelitas y helados. Los temas vienen acompa&#xF1;ados de DVD&#xB4;s did&#xE1;cticos. --

Volumen 2. -- Es una gu&#xED;a pr&#xE1;ctica de las caracter&#xED;sticas y valor nutritivo de la carne como alimento proveniente de bovinos, porcinos, ovinos, caprinos y &#xE9;quidos; as&#xED; como,  los procesos necesarios en la elaboraci&#xF3;n de productos c&#xE1;rnicos como: los m&#xE9;todos de conservaci&#xF3;n, el procesado de embutidos y otros productos c&#xE1;rnicos. Est&#xE1; acompa&#xF1;ado de un DVD did&#xE1;ctico.

Volumen 3. -- Es una gu&#xED;a sencilla y pr&#xE1;ctica que contiene los principios de conservaci&#xF3;n de frutas y verduras, la higiene para la producci&#xF3;n y el manejo de instalaciones y equipos requeridos.

Damos una explicaci&#xF3;n pr&#xE1;ctica de c&#xF3;mo elaborar frutas en alm&#xED;bar, mermeladas, compotas de frutas y verduras congeladas, encurtidos mixtos, escabeche, salsas, col agria, vinagre, frutas y verduras deshidratas. Temas acompa&#xF1;ados de DVD&#xB4;s did&#xE1;cticos.

Volumen 5. -- Esta gu&#xED;a pr&#xE1;ctica contiene los temas de manejo, sanidad y producci&#xF3;n de conejos y cuyes, incluyendo: Razas, instalaciones, alimentaci&#xF3;n y nutrici&#xF3;n, sistemas de apareamiento y reproducci&#xF3;n y productos de explotaci&#xF3;n.  Viene acompa&#xF1;ado de DVD&#xB4;s did&#xE1;cticos.</subfield>
  </datafield>
  <datafield tag="650" ind1="1" ind2="7">
    <subfield code="9">92124</subfield>
    <subfield code="a">Productos l&#xE1;cteos</subfield>
  </datafield>
  <datafield tag="650" ind1="1" ind2="3">
    <subfield code="a">Productos c&#xE1;rnicos  </subfield>
    <subfield code="9">147832</subfield>
    <subfield code="x">Consevaci&#xF3;n</subfield>
  </datafield>
  <datafield tag="650" ind1="1" ind2="0">
    <subfield code="a">Elaboraci&#xF3;n de embutidos</subfield>
    <subfield code="9">144742</subfield>
  </datafield>
  <datafield tag="650" ind1="1" ind2="3">
    <subfield code="9">159107</subfield>
    <subfield code="a">Frutas en conserva  </subfield>
  </datafield>
  <datafield tag="650" ind1="1" ind2="3">
    <subfield code="9">186514</subfield>
    <subfield code="a">Verduras en conserva</subfield>
  </datafield>
  <datafield tag="650" ind1="1" ind2="3">
    <subfield code="9">186516</subfield>
    <subfield code="a">Conejillo de Indias</subfield>
    <subfield code="x">Producci&#xF3;n animal</subfield>
  </datafield>
  <datafield tag="650" ind1="1" ind2="7">
    <subfield code="9">26352</subfield>
    <subfield code="a">Conejos</subfield>
    <subfield code="x">Producci&#xF3;n animal</subfield>
  </datafield>
  <datafield tag="650" ind1="1" ind2="3">
    <subfield code="9">147027</subfield>
    <subfield code="a">Dairy products  </subfield>
  </datafield>
  <datafield tag="650" ind1="1" ind2="0">
    <subfield code="a">Canned fruit</subfield>
    <subfield code="9">159106</subfield>
  </datafield>
  <datafield tag="650" ind1="1" ind2="3">
    <subfield code="9">186515</subfield>
    <subfield code="a">Canned vegetables</subfield>
  </datafield>
  <datafield tag="650" ind1="1" ind2="3">
    <subfield code="9">186517</subfield>
    <subfield code="a">Guinea pigs</subfield>
    <subfield code="x">Animal production</subfield>
  </datafield>
  <datafield tag="650" ind1="1" ind2="3">
    <subfield code="9">152436</subfield>
    <subfield code="a">Rabbits  </subfield>
    <subfield code="x">Animal production</subfield>
  </datafield>
  <datafield tag="710" ind1="2" ind2=" ">
    <subfield code="9">128381</subfield>
    <subfield code="a">Fundaci&#xF3;n Hogares Juveniles Campesinos</subfield>
  </datafield>
  <datafield tag="830" ind1=" " ind2="0">
    <subfield code="9">186513</subfield>
    <subfield code="a">Colecci&#xF3;n 50 a&#xF1;os de los Hogares Juveniles Campesinos</subfield>
  </datafield>
  <datafield tag="942" ind1=" " ind2=" ">
    <subfield code="2">ddc</subfield>
    <subfield code="c">LIBRO</subfield>
  </datafield>
  <datafield tag="999" ind1=" " ind2=" ">
    <subfield code="c">218569</subfield>
    <subfield code="d">218569</subfield>
  </datafield>
  <datafield tag="952" ind1=" " ind2=" ">
    <subfield code="0">0</subfield>
    <subfield code="1">0</subfield>
    <subfield code="2">ddc</subfield>
    <subfield code="4">0</subfield>
    <subfield code="5">1</subfield>
    <subfield code="7">0</subfield>
    <subfield code="8">GRAL</subfield>
    <subfield code="a">IA_</subfield>
    <subfield code="b">IA_</subfield>
    <subfield code="d">2021-12-09</subfield>
    <subfield code="e">Compra Carvann Books F. 39634</subfield>
    <subfield code="i">Consumo</subfield>
    <subfield code="l">0</subfield>
    <subfield code="o">664 C65 2013 V.1</subfield>
    <subfield code="p">1102014502</subfield>
    <subfield code="r">2023-03-23 00:00:00</subfield>
    <subfield code="t">Ej. 1</subfield>
    <subfield code="w">2023-03-23</subfield>
    <subfield code="y">LIBRO</subfield>
  </datafield>
  <datafield tag="952" ind1=" " ind2=" ">
    <subfield code="0">0</subfield>
    <subfield code="1">0</subfield>
    <subfield code="2">ddc</subfield>
    <subfield code="4">0</subfield>
    <subfield code="5">1</subfield>
    <subfield code="7">0</subfield>
    <subfield code="8">GRAL</subfield>
    <subfield code="a">IA_</subfield>
    <subfield code="b">IA_</subfield>
    <subfield code="d">2021-12-09</subfield>
    <subfield code="e">Compra Carvann Books F. 39634</subfield>
    <subfield code="i">Consumo</subfield>
    <subfield code="l">0</subfield>
    <subfield code="o">664 C65 2013 V.1</subfield>
    <subfield code="p">1102014503</subfield>
    <subfield code="r">2023-03-23 00:00:00</subfield>
    <subfield code="t">DVD 1</subfield>
    <subfield code="w">2023-03-23</subfield>
    <subfield code="y">DVD</subfield>
  </datafield>
  <datafield tag="952" ind1=" " ind2=" ">
    <subfield code="0">0</subfield>
    <subfield code="1">0</subfield>
    <subfield code="2">ddc</subfield>
    <subfield code="4">0</subfield>
    <subfield code="5">1</subfield>
    <subfield code="7">0</subfield>
    <subfield code="8">GRAL</subfield>
    <subfield code="a">IA_</subfield>
    <subfield code="b">IA_</subfield>
    <subfield code="d">2021-12-09</subfield>
    <subfield code="e">Compra Carvann Books F. 39634</subfield>
    <subfield code="i">Consumo</subfield>
    <subfield code="l">0</subfield>
    <subfield code="o">664 C65 2013 V.1</subfield>
    <subfield code="p">1102014504</subfield>
    <subfield code="r">2023-03-23 00:00:00</subfield>
    <subfield code="t">DVD 2</subfield>
    <subfield code="w">2023-03-23</subfield>
    <subfield code="y">DVD</subfield>
  </datafield>
  <datafield tag="952" ind1=" " ind2=" ">
    <subfield code="0">0</subfield>
    <subfield code="1">0</subfield>
    <subfield code="2">ddc</subfield>
    <subfield code="4">0</subfield>
    <subfield code="5">1</subfield>
    <subfield code="7">0</subfield>
    <subfield code="8">GRAL</subfield>
    <subfield code="a">IA_</subfield>
    <subfield code="b">IA_</subfield>
    <subfield code="d">2021-12-09</subfield>
    <subfield code="e">Compra Carvann Books F. 39634</subfield>
    <subfield code="i">Consumo</subfield>
    <subfield code="l">0</subfield>
    <subfield code="o">664 C65 2013 V.3</subfield>
    <subfield code="p">1102014505</subfield>
    <subfield code="r">2023-03-23 00:00:00</subfield>
    <subfield code="t">Ej. 1</subfield>
    <subfield code="w">2023-03-23</subfield>
    <subfield code="y">LIBRO</subfield>
  </datafield>
  <datafield tag="952" ind1=" " ind2=" ">
    <subfield code="0">0</subfield>
    <subfield code="1">0</subfield>
    <subfield code="2">ddc</subfield>
    <subfield code="4">0</subfield>
    <subfield code="5">1</subfield>
    <subfield code="7">0</subfield>
    <subfield code="8">GRAL</subfield>
    <subfield code="a">IA_</subfield>
    <subfield code="b">IA_</subfield>
    <subfield code="d">2021-12-09</subfield>
    <subfield code="e">Compra Carvann Books F. 39634</subfield>
    <subfield code="i">Consumo</subfield>
    <subfield code="l">0</subfield>
    <subfield code="o">664 C65 2013 V.3</subfield>
    <subfield code="p">1102014506</subfield>
    <subfield code="r">2023-03-23 00:00:00</subfield>
    <subfield code="t">DVD 1</subfield>
    <subfield code="w">2023-03-23</subfield>
    <subfield code="y">DVD</subfield>
  </datafield>
  <datafield tag="952" ind1=" " ind2=" ">
    <subfield code="0">0</subfield>
    <subfield code="1">0</subfield>
    <subfield code="2">ddc</subfield>
    <subfield code="4">0</subfield>
    <subfield code="5">1</subfield>
    <subfield code="7">0</subfield>
    <subfield code="8">GRAL</subfield>
    <subfield code="a">IA_</subfield>
    <subfield code="b">IA_</subfield>
    <subfield code="d">2021-12-09</subfield>
    <subfield code="e">Compra Carvann Books F. 39634</subfield>
    <subfield code="i">Consumo</subfield>
    <subfield code="l">0</subfield>
    <subfield code="o">664 C65 2013 V.3</subfield>
    <subfield code="p">1102014507</subfield>
    <subfield code="r">2023-03-23 00:00:00</subfield>
    <subfield code="t">DVD 2</subfield>
    <subfield code="w">2023-03-23</subfield>
    <subfield code="y">DVD</subfield>
  </datafield>
  <datafield tag="952" ind1=" " ind2=" ">
    <subfield code="0">0</subfield>
    <subfield code="1">0</subfield>
    <subfield code="2">ddc</subfield>
    <subfield code="4">0</subfield>
    <subfield code="5">1</subfield>
    <subfield code="7">0</subfield>
    <subfield code="8">GRAL</subfield>
    <subfield code="a">IA_</subfield>
    <subfield code="b">IA_</subfield>
    <subfield code="d">2021-12-09</subfield>
    <subfield code="e">Compra Carvann Books F. 39631</subfield>
    <subfield code="i">Consumo</subfield>
    <subfield code="l">0</subfield>
    <subfield code="o">664 C65 2013 V.5</subfield>
    <subfield code="p">1102014508</subfield>
    <subfield code="r">2023-03-23 00:00:00</subfield>
    <subfield code="t">Ej. 1</subfield>
    <subfield code="w">2023-03-23</subfield>
    <subfield code="y">LIBRO</subfield>
  </datafield>
  <datafield tag="952" ind1=" " ind2=" ">
    <subfield code="0">0</subfield>
    <subfield code="1">0</subfield>
    <subfield code="2">ddc</subfield>
    <subfield code="4">0</subfield>
    <subfield code="5">1</subfield>
    <subfield code="7">0</subfield>
    <subfield code="8">GRAL</subfield>
    <subfield code="a">Z</subfield>
    <subfield code="b">Z</subfield>
    <subfield code="d">2018-11-19</subfield>
    <subfield code="e">Compra Libreria UACh No. 37337</subfield>
    <subfield code="h">Volumen: 2</subfield>
    <subfield code="i">Consumo</subfield>
    <subfield code="l">0</subfield>
    <subfield code="o">664 C65 2013</subfield>
    <subfield code="p">5102007479</subfield>
    <subfield code="r">2024-10-14 11:05:40</subfield>
    <subfield code="t">Ej.1 V.2</subfield>
    <subfield code="w">2024-10-14</subfield>
    <subfield code="y">LIBRO</subfield>
  </datafield>
  <datafield tag="952" ind1=" " ind2=" ">
    <subfield code="0">0</subfield>
    <subfield code="1">0</subfield>
    <subfield code="2">ddc</subfield>
    <subfield code="4">0</subfield>
    <subfield code="5">1</subfield>
    <subfield code="7">0</subfield>
    <subfield code="8">GRAL</subfield>
    <subfield code="a">Z</subfield>
    <subfield code="b">Z</subfield>
    <subfield code="d">2018-11-19</subfield>
    <subfield code="e">Compra Libreria UACh No. 37337</subfield>
    <subfield code="h">Volumen: 2</subfield>
    <subfield code="i">Consumo</subfield>
    <subfield code="l">0</subfield>
    <subfield code="o">664 C65 2013</subfield>
    <subfield code="p">5102007481</subfield>
    <subfield code="r">2024-10-14 11:05:40</subfield>
    <subfield code="t">Ej.2 V.2</subfield>
    <subfield code="w">2024-10-14</subfield>
    <subfield code="y">LIBRO</subfield>
  </datafield>
  <datafield tag="952" ind1=" " ind2=" ">
    <subfield code="0">0</subfield>
    <subfield code="1">0</subfield>
    <subfield code="2">ddc</subfield>
    <subfield code="4">0</subfield>
    <subfield code="5">1</subfield>
    <subfield code="7">0</subfield>
    <subfield code="8">GRAL</subfield>
    <subfield code="a">Z</subfield>
    <subfield code="b">Z</subfield>
    <subfield code="d">2018-11-19</subfield>
    <subfield code="e">Compra Libreria UACh No. 37337</subfield>
    <subfield code="h">Volumen: 2</subfield>
    <subfield code="i">Consumo</subfield>
    <subfield code="l">0</subfield>
    <subfield code="o">664 C65 2013</subfield>
    <subfield code="p">5102007483</subfield>
    <subfield code="r">2024-10-14 11:05:40</subfield>
    <subfield code="t">Ej.3 V.2</subfield>
    <subfield code="w">2024-10-14</subfield>
    <subfield code="y">LIBRO</subfield>
  </datafield>
  <datafield tag="952" ind1=" " ind2=" ">
    <subfield code="0">0</subfield>
    <subfield code="1">0</subfield>
    <subfield code="2">ddc</subfield>
    <subfield code="4">0</subfield>
    <subfield code="5">1</subfield>
    <subfield code="7">0</subfield>
    <subfield code="8">GRAL</subfield>
    <subfield code="a">Z</subfield>
    <subfield code="b">Z</subfield>
    <subfield code="d">2018-11-19</subfield>
    <subfield code="e">Compra Libreria UACh. No. 37338</subfield>
    <subfield code="h">Volumen: 1</subfield>
    <subfield code="i">Consumo</subfield>
    <subfield code="l">0</subfield>
    <subfield code="o">664 C65 2013</subfield>
    <subfield code="p">5102007476</subfield>
    <subfield code="r">2024-10-14 11:05:40</subfield>
    <subfield code="t">Ej.1 V.1</subfield>
    <subfield code="w">2024-10-14</subfield>
    <subfield code="y">LIBRO</subfield>
  </datafield>
  <datafield tag="952" ind1=" " ind2=" ">
    <subfield code="0">0</subfield>
    <subfield code="1">0</subfield>
    <subfield code="2">ddc</subfield>
    <subfield code="4">0</subfield>
    <subfield code="5">1</subfield>
    <subfield code="7">0</subfield>
    <subfield code="8">GRAL</subfield>
    <subfield code="a">Z</subfield>
    <subfield code="b">Z</subfield>
    <subfield code="d">2018-11-19</subfield>
    <subfield code="e">Compra Libreria UACh No. 37337</subfield>
    <subfield code="h">Volumen: 2</subfield>
    <subfield code="i">Consumo</subfield>
    <subfield code="l">0</subfield>
    <subfield code="o">664 C65 2013</subfield>
    <subfield code="p">5102007480</subfield>
    <subfield code="r">2024-10-14 11:05:40</subfield>
    <subfield code="t">DVD 1 V.2 Ej.1</subfield>
    <subfield code="w">2024-10-14</subfield>
    <subfield code="y">DVD</subfield>
  </datafield>
  <datafield tag="952" ind1=" " ind2=" ">
    <subfield code="0">0</subfield>
    <subfield code="1">0</subfield>
    <subfield code="2">ddc</subfield>
    <subfield code="4">0</subfield>
    <subfield code="5">1</subfield>
    <subfield code="7">0</subfield>
    <subfield code="8">GRAL</subfield>
    <subfield code="a">Z</subfield>
    <subfield code="b">Z</subfield>
    <subfield code="d">2018-11-19</subfield>
    <subfield code="e">Compra Libreria UACh No. 37337</subfield>
    <subfield code="h">Volumen: 2</subfield>
    <subfield code="i">Consumo</subfield>
    <subfield code="l">0</subfield>
    <subfield code="o">664 C65 2013</subfield>
    <subfield code="p">5102007482</subfield>
    <subfield code="r">2024-10-14 11:05:40</subfield>
    <subfield code="t">DVD 1  V.2 Ej.2</subfield>
    <subfield code="w">2024-10-14</subfield>
    <subfield code="y">DVD</subfield>
  </datafield>
  <datafield tag="952" ind1=" " ind2=" ">
    <subfield code="0">0</subfield>
    <subfield code="1">0</subfield>
    <subfield code="2">ddc</subfield>
    <subfield code="4">0</subfield>
    <subfield code="5">1</subfield>
    <subfield code="7">0</subfield>
    <subfield code="8">GRAL</subfield>
    <subfield code="a">Z</subfield>
    <subfield code="b">Z</subfield>
    <subfield code="d">2018-11-19</subfield>
    <subfield code="e">Compra Libreria UACh No. 37337</subfield>
    <subfield code="h">Volumen: 2</subfield>
    <subfield code="i">Consumo</subfield>
    <subfield code="l">0</subfield>
    <subfield code="o">664 C65 2013</subfield>
    <subfield code="p">5102007484</subfield>
    <subfield code="r">2024-10-14 11:05:40</subfield>
    <subfield code="t">DVD 1 V.2 Ej.3</subfield>
    <subfield code="w">2024-10-14</subfield>
    <subfield code="y">DVD</subfield>
  </datafield>
  <datafield tag="952" ind1=" " ind2=" ">
    <subfield code="0">0</subfield>
    <subfield code="1">0</subfield>
    <subfield code="2">ddc</subfield>
    <subfield code="4">0</subfield>
    <subfield code="5">1</subfield>
    <subfield code="7">0</subfield>
    <subfield code="8">GRAL</subfield>
    <subfield code="a">Z</subfield>
    <subfield code="b">Z</subfield>
    <subfield code="d">2018-11-19</subfield>
    <subfield code="e">Compra Libreria UACh. No. 37338</subfield>
    <subfield code="h">Volumen: 1</subfield>
    <subfield code="i">Consumo</subfield>
    <subfield code="l">0</subfield>
    <subfield code="o">664 C65 2013</subfield>
    <subfield code="p">5102007477</subfield>
    <subfield code="r">2024-10-14 11:05:40</subfield>
    <subfield code="t">DVD 1 V.1</subfield>
    <subfield code="w">2024-10-14</subfield>
    <subfield code="y">DVD</subfield>
  </datafield>
  <datafield tag="952" ind1=" " ind2=" ">
    <subfield code="0">0</subfield>
    <subfield code="1">0</subfield>
    <subfield code="2">ddc</subfield>
    <subfield code="4">0</subfield>
    <subfield code="5">1</subfield>
    <subfield code="7">0</subfield>
    <subfield code="8">GRAL</subfield>
    <subfield code="a">Z</subfield>
    <subfield code="b">Z</subfield>
    <subfield code="d">2018-11-19</subfield>
    <subfield code="e">Compra Libreria UACh. No. 37338</subfield>
    <subfield code="h">Volumen: 1</subfield>
    <subfield code="i">Consumo</subfield>
    <subfield code="l">0</subfield>
    <subfield code="o">664 C65 2013</subfield>
    <subfield code="p">5102007478</subfield>
    <subfield code="r">2024-10-14 13:18:55</subfield>
    <subfield code="t">DVD 2 V.1</subfield>
    <subfield code="w">2024-10-14</subfield>
    <subfield code="y">DVD</subfield>
  </datafield>
</record>
